[Event "ESCC 2014 - 50+ Rapid"]
[Site "Porto POR"]
[Date "2014.03.19"]
[Round "1.1"]
[White "Sturua, Zurab"]
[Black "Bogumil, Tatiana"]
[Result "1-0"]
[WhiteElo "2525"]
[BlackElo "2162"]
[PlyCount "61"]
[EventDate "2014.??.??"]

1. Nf3 Nf6 2. c4 g6 3. g3 Bg7 4. Bg2 O-O 5. d4 c5 6. O-O d6 7. Nc3 Nbd7 8. b3
Rb8 9. h3 a6 10. a4 b6 11. e4 cxd4 12. Nxd4 Bb7 13. Re1 Qc7 14. Ba3 Nc5 15. Ra2
Rfd8 16. Rae2 Rbc8 17. Nd5 Nxd5 18. exd5 Bf6 19. Nc6 Bxc6 20. dxc6 a5 21. h4
Kg7 22. h5 e5 23. Rd2 Bg5 24. f4 exf4 25. Bb2+ f6 26. Qg4 Bh6 27. Rde2 Kf8 28.
Bxf6 Re8 29. hxg6 Rxe2 30. Rxe2 Re8 31. g7+ 1-0

[Event "ESCC 2014 - 50+ Rapid"]
[Site "Porto POR"]
[Date "2014.03.19"]
[Round "1.2"]
[White "Bebchuk, Boris"]
[Black "Kalegin, Evgenij"]
[Result "0-1"]
[WhiteElo "2126"]
[BlackElo "2490"]
[PlyCount "64"]
[EventDate "2014.??.??"]

1. d4 Nf6 2. c4 g6 3. g3 Bg7 4. Bg2 O-O 5. Nc3 d6 6. Nf3 Nbd7 7. O-O e5 8. e4
c6 9. b3 Re8 10. Re1 a5 11. Bb2 exd4 12. Nxd4 Nc5 13. Qc2 Qb6 14. Rad1 a4 15.
bxa4 Qb4 16. Nb3 Nxa4 17. Nxa4 Rxa4 18. Bc3 Qxc4 19. Rd4 Qa6 20. Rxd6 Rxa2 21.
Qd1 Bg4 22. Qd4 Nh5 23. e5 Ra4 24. Qd2 Qc4 25. Na5 Qa2 26. Rd8 Rxd8 27. Qxd8+
Bf8 28. h3 Qc2 29. Ba1 Ra2 30. Qd4 Be6 31. Nxb7 Nxg3 32. Qb6 c5 0-1

[Event "ESCC 2014 - 50+ Rapid"]
[Site "Porto POR"]
[Date "2014.03.19"]
[Round "1.3"]
[White "Fernandes, Antonio"]
[Black "Kasoshvili, Tsiala"]
[Result "0-1"]
[WhiteElo "2419"]
[BlackElo "2112"]
[PlyCount "53"]
[EventDate "2014.??.??"]

1. d4 g6 2. e4 Bg7 3. Nc3 d6 4. Nge2 Nf6 5. g3 O-O 6. Bg2 c6 7. a4 a5 8. O-O
Nbd7 9. h3 Qc7 10. Be3 e5 11. Qd2 Re8 12. f4 exd4 13. Bxd4 Rb8 14. Rad1 Bf8 15.
g4 Rd8 16. Qe3 c5 17. Bxf6 Nxf6 18. g5 Ne8 19. Nd5 Qd7 20. Nec3 b6 21. Kh2 Bg7
22. e5 Qe6 23. Ne4 Ba6 24. Rfe1 dxe5 25. Nec3 Nd6 26. fxe5 Nc4 27. Qf2 0-1

[Event "ESCC 2014 - 50+ Rapid"]
[Site "Porto POR"]
[Date "2014.03.19"]
[Round "1.4"]
[White "Mednikova, Svetlana"]
[Black "Arkell, Keith C"]
[Result "0-1"]
[WhiteElo "2094"]
[BlackElo "2404"]
[PlyCount "46"]
[EventDate "2014.??.??"]

1. e4 c6 2. d4 d5 3. exd5 cxd5 4. Bd3 Nc6 5. c3 Nf6 6. Bf4 Bg4 7. Qb3 Qd7 8.
Nd2 e6 9. Ngf3 Bxf3 10. Nxf3 Bd6 11. Ne5 Qc7 12. Bb5 O-O 13. Bxc6 bxc6 14. h3
c5 15. O-O Rab8 16. Qc2 cxd4 17. Rfe1 Ne4 18. f3 dxc3 19. fxe4 Rxb2 20. Qd3
Bxe5 21. Bxe5 Qxe5 22. exd5 Qxd5 23. Rad1 Qxg2# 0-1

[Event "ESCC 2014 - 50+ Rapid"]
[Site "Porto POR"]
[Date "2014.03.19"]
[Round "1.5"]
[White "Strutinskaia, Galina"]
[Black "Morais, Vitor"]
[Result "1-0"]
[WhiteElo "2338"]
[BlackElo "2081"]
[PlyCount "79"]
[EventDate "2014.??.??"]

1. d4 Nf6 2. c4 g6 3. Nc3 Bg7 4. e4 d6 5. f4 O-O 6. Nf3 c5 7. d5 e6 8. dxe6
Bxe6 9. Bd3 Bg4 10. h3 Bxf3 11. Qxf3 Nc6 12. O-O Nd4 13. Qf2 Nd7 14. Be3 f5 15.
exf5 Nxf5 16. Bxf5 Rxf5 17. Qd2 Nb6 18. b3 Qe7 19. Rae1 Qh4 20. Ne4 Rd8 21. Ng5
h6 22. Ne6 Rd7 23. Bf2 Qe7 24. g4 Rf6 25. Bh4 g5 26. Nxg5 Qxe1 27. Qxe1 hxg5
28. Bxg5 Rf8 29. Qe6+ Kh7 30. f5 Bd4+ 31. Kg2 Rg7 32. Qh6+ Kg8 33. f6 Rh7 34.
Qg6+ Kh8 35. Bh6 Rff7 36. Bg7+ Kg8 37. Qe4 Be5 38. g5 Rhxg7 39. fxg7 Rxg7 40.
h4 1-0

[Event "ESCC 2014 - 50+ Rapid"]
[Site "Porto POR"]
[Date "2014.03.19"]
[Round "1.6"]
[White "Chireykina, Natalia"]
[Black "Maryasin, Boris"]
[Result "0-1"]
[WhiteElo "1891"]
[BlackElo "2305"]
[PlyCount "42"]
[EventDate "2014.??.??"]

1. e4 c5 2. Nf3 Nc6 3. d4 cxd4 4. Nxd4 Qb6 5. Nb3 Nf6 6. Nc3 e6 7. Be3 Qc7 8.
Qd2 Bb4 9. f3 d5 10. exd5 Nxd5 11. O-O-O Nxc3 12. bxc3 Ba3+ 13. Kb1 O-O 14. Bd3
e5 15. f4 Bg4 16. Rdf1 Rad8 17. Qf2 f5 18. Bxa7 Nxa7 19. Qxa7 Ra8 20. Qf2 Qxc3
21. Bc4+ Kh8 0-1

[Event "ESCC 2014 - 50+ Rapid"]
[Site "Porto POR"]
[Date "2014.03.19"]
[Round "1.7"]
[White "Gurieli, Nino"]
[Black "Jenssen, Ove S"]
[Result "1-0"]
[WhiteElo "2298"]
[BlackElo "1872"]
[PlyCount "97"]
[EventDate "2014.??.??"]

1. e4 e6 2. Nf3 d5 3. Nc3 c6 4. d4 Bb4 5. Bd3 dxe4 6. Bxe4 Nf6 7. Bd3 Qa5 8.
Bd2 O-O 9. O-O Qh5 10. h3 Nbd7 11. a3 Bd6 12. Re1 b6 13. Be2 Bb7 14. Ng5 Qg6
15. Bd3 Qh5 16. Bxh7+ Kh8 17. Qxh5 Nxh5 18. Nxf7+ Rxf7 19. Bg6 Rxf2 20. Kxf2
Bg3+ 21. Kg1 Bxe1 22. Rxe1 Ng3 23. Kh2 Nf5 24. Rxe6 Nxd4 25. Re7 Rd8 26. Bg5
Bc8 27. Ne2 Nxe2 28. Rxe2 Nf6 29. g4 c5 30. Kg3 Kg8 31. Bxf6 gxf6 32. Re8+ Rxe8
33. Bxe8 Kf8 34. Bc6 Be6 35. Kf4 Kg7 36. Be4 Kf7 37. h4 Kg7 38. g5 fxg5+ 39.
Kxg5 Bg8 40. h5 Bh7 41. Bxh7 Kxh7 42. Kf6 Kh6 43. Ke6 Kxh5 44. Kd6 Kg5 45. Kc6
Kf4 46. Kb7 Ke3 47. Kxa7 Kd2 48. Kxb6 c4 49. Kb5 1-0

[Event "ESCC 2014 - 50+ Rapid"]
[Site "Porto POR"]
[Date "2014.03.19"]
[Round "1.8"]
[White "Baliuniene, Margarita"]
[Black "Furman, Boris"]
[Result "0-1"]
[WhiteElo "1870"]
[BlackElo "2225"]
[PlyCount "60"]
[EventDate "2014.??.??"]

1. d4 Nf6 2. c4 e6 3. Nc3 Bb4 4. e3 O-O 5. Bd3 d5 6. Nge2 Nc6 7. a3 dxc4 8.
Bxc4 Bd6 9. O-O a6 10. e4 e5 11. dxe5 Nxe5 12. Ba2 c6 13. h3 Qe7 14. f4 Bc5+
15. Kh1 Ng6 16. e5 Ne8 17. b4 Bb6 18. Bb2 Be6 19. Bxe6 fxe6 20. Qb3 Kh8 21. Ne4
Rd8 22. Ng5 Rd2 23. Rae1 Rxe2 24. Rxe2 Nxf4 25. Rxf4 Rxf4 26. Nxe6 Rf1+ 27. Kh2
Qh4 28. g3 Rh1+ 29. Kg2 Qxh3+ 30. Kf3 Rf1+ 0-1

[Event "ESCC 2014 - 50+ Rapid"]
[Site "Porto POR"]
[Date "2014.03.19"]
[Round "2.1"]
[White "Maryasin, Boris"]
[Black "Suba, Mihai"]
[Result "0-1"]
[WhiteElo "2305"]
[BlackElo "2379"]
[PlyCount "142"]
[EventDate "2014.??.??"]

1. e4 e5 2. Nf3 Nc6 3. Bc4 Nf6 4. d3 Bc5 5. O-O O-O 6. c3 d6 7. Bb3 a6 8. Bg5
h6 9. Bh4 Ba7 10. Nbd2 g5 11. Bg3 Kh7 12. Nc4 Ne7 13. d4 Nxe4 14. dxe5 d5 15.
Ne3 c6 16. Bc2 Ng6 17. Nd4 f5 18. exf6 Qxf6 19. Qh5 Bd7 20. Ng4 Bxg4 21. Qxg4
Rae8 22. Rad1 Kg8 23. Qh5 Nf4 24. Bxf4 gxf4 25. f3 Re5 26. Qg4+ Rg5 27. Qh3 Nd6
28. Kh1 Bxd4 29. Rxd4 Nc4 30. Rg1 Ne3 31. Bb1 Rg7 32. Rd2 Qg5 33. Re2 Qf6 34.
Bd3 Kh8 35. g4 Kg8 36. Ree1 Re8 37. Re2 b5 38. a3 Re5 39. Ree1 Reg5 40. Qh4 c5
41. Qf2 Qc6 42. h4 Re5 43. Qh2 Qf6 44. Qh3 Qe6 45. Qh2 Nxg4 46. Rxe5 Nxe5 47.
Rxg7+ Kxg7 48. Be2 Qf5 49. Qg1+ Ng6 50. Qxc5 Qh3+ 51. Kg1 Qxh4 52. Qd4+ Kf8 53.
Qc5+ Qe7 54. Qc8+ Kg7 55. Kf1 Qd6 56. Qb7+ Kf6 57. Qh7 Kg5 58. Bd3 Qe6 59. Bxg6
Qxg6 60. Qd7 Qb1+ 61. Kg2 Qc2+ 62. Kh3 Qf5+ 63. Qxf5+ Kxf5 64. Kh4 Ke5 65. Kg4
a5 66. b3 b4 67. cxb4 axb4 68. a4 d4 69. a5 d3 70. a6 d2 71. a7 d1=Q 0-1

[Event "ESCC 2014 - 50+ Rapid"]
[Site "Porto POR"]
[Date "2014.03.19"]
[Round "2.2"]
[White "Kalegin, Evgenij"]
[Black "Gurieli, Nino"]
[Result "1-0"]
[WhiteElo "2490"]
[BlackElo "2298"]
[PlyCount "71"]
[EventDate "2014.??.??"]

1. e4 d6 2. d4 Nf6 3. Bd3 e5 4. c3 Nc6 5. Nf3 g6 6. O-O Bg7 7. h3 O-O 8. Na3 a6
9. dxe5 Nxe5 10. Nxe5 dxe5 11. Nc4 Qe7 12. b3 Rd8 13. Qf3 b5 14. Na5 Qd6 15.
Bc2 Be6 16. Nb7 Qc6 17. Nxd8 Rxd8 18. Bg5 Bc8 19. Rfd1 Re8 20. b4 Bb7 21. Re1
h6 22. Bxf6 Bxf6 23. Bb3 Kg7 24. Bd5 Qb6 25. Bxb7 Qxb7 26. Rad1 Qc6 27. Rd5 Qc4
28. Rc5 Qxa2 29. Rxc7 Bd8 30. Rb7 Qc4 31. Rd1 Bg5 32. Rdd7 Rf8 33. g3 h5 34. h4
Bh6 35. Qd3 Qa2 36. Qd5 1-0

[Event "ESCC 2014 - 50+ Rapid"]
[Site "Porto POR"]
[Date "2014.03.19"]
[Round "2.3"]
[White "Arkell, Keith C"]
[Black "Silva, Rui Almeida"]
[Result "1-0"]
[WhiteElo "2404"]
[BlackElo "1804"]
[PlyCount "75"]
[EventDate "2014.??.??"]

1. d4 d5 2. c4 e6 3. Nf3 Nf6 4. cxd5 exd5 5. Nc3 Bb4 6. Qa4+ Nc6 7. Bg5 Be6 8.
Ne5 Bxc3+ 9. bxc3 O-O 10. Nxc6 bxc6 11. Qxc6 Qe7 12. e3 Rfc8 13. Bd3 h6 14.
Bxf6 Qxf6 15. O-O Qe7 16. a3 Rcb8 17. c4 dxc4 18. Bxc4 Bxc4 19. Qxc4 Qd6 20.
Rfc1 Rc8 21. Qc6 Qe7 22. Qc5 Qd7 23. Rab1 Qd6 24. h3 a6 25. Qxd6 cxd6 26. Rxc8+
Rxc8 27. Rb6 d5 28. Rxa6 Kf8 29. Rd6 Rc3 30. Rxd5 Rxa3 31. g4 Ke7 32. h4 Ke6
33. Rb5 Ra1+ 34. Kg2 Ra2 35. Rb6+ Ke7 36. g5 hxg5 37. hxg5 Kd7 38. g6 1-0

[Event "ESCC 2014 - 50+ Rapid"]
[Site "Porto POR"]
[Date "2014.03.19"]
[Round "2.4"]
[White "Furman, Boris"]
[Black "Strutinskaia, Galina"]
[Result "1-0"]
[WhiteElo "2225"]
[BlackElo "2338"]
[PlyCount "75"]
[EventDate "2014.??.??"]

1. d4 Nf6 2. c4 e6 3. Nc3 d5 4. cxd5 exd5 5. Bg5 c6 6. e3 Be7 7. Bd3 Nbd7 8.
Qc2 Nf8 9. Nf3 Ne6 10. Bxf6 Bxf6 11. O-O g6 12. Ne5 Ng7 13. e4 dxe4 14. Nxe4
O-O 15. Bc4 Be6 16. Rad1 Bd5 17. Bxd5 cxd5 18. Nxf6+ Qxf6 19. Nd7 Qa6 20. Nxf8
Rxf8 21. a3 Nf5 22. Qb3 Rd8 23. Rfe1 Qf6 24. Qxb7 Nxd4 25. Qxa7 Ne6 26. Qb6 d4
27. Rd3 Qg5 28. Qb4 Nf4 29. Rg3 Qd5 30. Qd2 Qf5 31. Rf3 g5 32. g3 Qg4 33. Rxf4
gxf4 34. Qxf4 Qh5 35. Re5 Qd1+ 36. Kg2 Rc8 37. Qg5+ Kf8 38. Qe7+ 1-0

[Event "ESCC 2014 - 50+ Rapid"]
[Site "Porto POR"]
[Date "2014.03.19"]
[Round "2.5"]
[White "Kasoshvili, Tsiala"]
[Black "Bebchuk, Boris"]
[Result "1-0"]
[WhiteElo "2112"]
[BlackElo "2126"]
[PlyCount "49"]
[EventDate "2014.??.??"]

1. d4 Nf6 2. Nf3 d6 3. g3 g6 4. Bg2 Bg7 5. c4 O-O 6. O-O Nbd7 7. Qc2 c6 8. h3
e5 9. dxe5 dxe5 10. e4 Qc7 11. Be3 Re8 12. Nbd2 Nf8 13. c5 Ne6 14. Nc4 Nd7 15.
b4 b6 16. Nd6 Rf8 17. Rfd1 bxc5 18. bxc5 Ba6 19. Rd2 Qa5 20. Rc1 Rab8 21. Kh2
h6 22. Rdd1 Rfd8 23. Qd2 Ndxc5 24. Qxa5 Be2 25. Rd2 1-0

[Event "ESCC 2014 - 50+ Rapid"]
[Site "Porto POR"]
[Date "2014.03.19"]
[Round "2.6"]
[White "Morais, Vitor"]
[Black "Fernandes, Antonio"]
[Result "0-1"]
[WhiteElo "2081"]
[BlackElo "2419"]
[PlyCount "140"]
[EventDate "2014.??.??"]

1. d4 Nf6 2. Nf3 c5 3. g3 b6 4. Bg2 Bb7 5. O-O e6 6. c4 d6 7. Nc3 Be7 8. d5 O-O
9. Bg5 Nbd7 10. dxe6 fxe6 11. Qc2 a6 12. Rfd1 Qc7 13. Rac1 Rae8 14. e4 Rf7 15.
h3 Ref8 16. Be3 Ne8 17. Nh2 Ne5 18. Qe2 Nc6 19. f4 Nd4 20. Qd2 Bf6 21. Ng4 e5
22. f5 Bc6 23. Nd5 Qb7 24. b3 b5 25. Kh2 Kh8 26. Rf1 Nc7 27. Ngxf6 gxf6 28. g4
Rg8 29. g5 Bxd5 30. cxd5 fxg5 31. Bxg5 Ne8 32. f6 Ne2 33. Rce1 Nf4 34. Bxf4
exf4 35. Rxf4 Rxf6 36. Qb2 Qg7 37. Rg4 Rg6 38. Qxg7+ R8xg7 39. Rxg6 Rxg6 40. e5
dxe5 41. Rxe5 Nd6 42. Re7 Rg7 43. Re6 Rd7 44. Kg1 Kg7 45. Kf2 Kf7 46. Ke3 Re7
47. Rxe7+ Kxe7 48. Bf1 Nc8 49. Bd3 h6 50. a4 bxa4 51. bxa4 a5 52. Bb5 Kd6 53.
Ke4 Ne7 54. Bc4 Ng6 55. Kf5 Ne5 56. Ba2 c4 57. Ke4 c3 58. Bb3 Ng6 59. Kd4 Nf4
60. Kxc3 Nxh3 61. Kc4 Ng5 62. Kb5 h5 63. Bc4 Ne4 64. Be2 Nc3+ 65. Kxa5 Nxe2 66.
Kb6 Nc3 67. a5 Nxd5+ 68. Kb7 h4 69. a6 h3 70. a7 Nc7 0-1

[Event "ESCC 2014 - 50+ Rapid"]
[Site "Porto POR"]
[Date "2014.03.19"]
[Round "2.7"]
[White "Bogumil, Tatiana"]
[Black "Chireykina, Natalia"]
[Result "1-0"]
[WhiteElo "2162"]
[BlackElo "1891"]
[PlyCount "119"]
[EventDate "2014.??.??"]

1. Nf3 Nf6 2. c4 g6 3. b3 Bg7 4. Bb2 O-O 5. g3 d6 6. d4 c6 7. Bg2 Bg4 8. h3
Bxf3 9. Bxf3 Nbd7 10. Bg2 e5 11. dxe5 dxe5 12. O-O Qc7 13. Ba3 Rfe8 14. Bd6 Qb6
15. Nc3 Nh5 16. Na4 Qd4 17. e3 Qxd1 18. Raxd1 Nhf6 19. g4 h6 20. Rd2 e4 21.
Rfd1 b5 22. cxb5 cxb5 23. Nc3 a6 24. Nd5 Nxd5 25. Rxd5 Rac8 26. Bb4 Nf6 27.
R5d2 Re6 28. Rd8+ Rxd8 29. Rxd8+ Kh7 30. Bf1 Rc6 31. a4 bxa4 32. bxa4 Rb6 33.
Bd2 Rb2 34. Bxa6 Rb1+ 35. Kg2 Ra1 36. Bb5 Ng8 37. Rd7 Rd1 38. Bc6 f5 39. gxf5
gxf5 40. Bb4 Rxd7 41. Bxd7 Kg6 42. Be8+ Kg5 43. a5 Be5 44. a6 Bb8 45. Bc5 Nf6
46. Be7 Ba7 47. h4+ Kxh4 48. Bxf6+ Kg4 49. Bd4 Bb8 50. a7 Bxa7 51. Bxa7 f4 52.
Bd7+ Kg5 53. exf4+ Kxf4 54. Be3+ Ke5 55. Bxh6 Kd4 56. Bf4 Kd3 57. Be3 Kc4 58.
Bc6 Kd3 59. Kg3 Ke2 60. Bxe4 1-0

[Event "ESCC 2014 - 50+ Rapid"]
[Site "Porto POR"]
[Date "2014.03.19"]
[Round "2.8"]
[White "Jenssen, Ove S"]
[Black "Mednikova, Svetlana"]
[Result "0-1"]
[WhiteElo "1872"]
[BlackElo "2094"]
[PlyCount "76"]
[EventDate "2014.??.??"]

1. e4 e5 2. f4 exf4 3. Nf3 Be7 4. Bc4 Bh4+ 5. g3 fxg3 6. O-O d5 7. Bxd5 gxh2+
8. Kh1 Bf6 9. d4 Bh3 10. Bxb7 Bxf1 11. Qxf1 Nd7 12. Bxa8 Qxa8 13. Nc3 Ne7 14.
Kxh2 Ng6 15. Nd5 O-O 16. Qb5 c6 17. Nxf6+ Nxf6 18. Qf5 Qc8 19. Qxc8 Rxc8 20. e5
Nd7 21. Be3 c5 22. dxc5 Ndxe5 23. Nxe5 Nxe5 24. Kg3 f6 25. Rd1 Kf7 26. b4 g5
27. a4 h5 28. Rd5 h4+ 29. Kg2 Ke6 30. Rd6+ Kf5 31. Bd4 g4 32. Bxe5 Kxe5 33. c4
f5 34. a5 Kf4 35. Rd5 h3+ 36. Kh2 Re8 37. Rd2 g3+ 38. Kh1 Re1# 0-1

[Event "ESCC 2014 - 50+ Rapid"]
[Site "Porto POR"]
[Date "2014.03.19"]
[Round "3.1"]
[White "Sturua, Zurab"]
[Black "Arkell, Keith C"]
[Result "1/2-1/2"]
[WhiteElo "2525"]
[BlackElo "2404"]
[PlyCount "31"]
[EventDate "2014.??.??"]

1. c4 c5 2. Nf3 Nf6 3. g3 g6 4. Bg2 Bg7 5. d4 cxd4 6. Nxd4 Nc6 7. Nc3 Nxd4 8.
Qxd4 d6 9. Bg5 O-O 10. Qd2 Be6 11. O-O Bxc4 12. Bxb7 Rb8 13. Bg2 Qd7 14. Rac1
Rfc8 15. b3 Be6 16. Ne4 1/2-1/2

[Event "ESCC 2014 - 50+ Rapid"]
[Site "Porto POR"]
[Date "2014.03.19"]
[Round "3.2"]
[White "Kasoshvili, Tsiala"]
[Black "Kalegin, Evgenij"]
[Result "1/2-1/2"]
[WhiteElo "2112"]
[BlackElo "2490"]
[PlyCount "66"]
[EventDate "2014.??.??"]

1. d4 d6 2. Nf3 Nf6 3. g3 c5 4. Bg2 cxd4 5. Nxd4 g6 6. O-O Bg7 7. c4 O-O 8. Nc3
Nc6 9. Nxc6 bxc6 10. Bxc6 Rb8 11. Bg2 Qa5 12. Qc2 Qh5 13. Nd5 Nxd5 14. cxd5 Bh3
15. Qe4 Bxg2 16. Kxg2 Bxb2 17. Bxb2 Rxb2 18. Qxe7 Qxd5+ 19. e4 Qd4 20. Rad1 Qe5
21. Qxa7 Qxe4+ 22. Kg1 Qc6 23. Qd4 Rb6 24. Rd2 Re8 25. Rfd1 Qb7 26. Qf4 Rb1 27.
Rxb1 Qxb1+ 28. Kg2 Qb7+ 29. Qf3 Qa6 30. Qd3 Qa8+ 31. Qd5 Qxd5+ 32. Rxd5 Ra8 33.
Rxd6 Rxa2 1/2-1/2

[Event "ESCC 2014 - 50+ Rapid"]
[Site "Porto POR"]
[Date "2014.03.19"]
[Round "3.3"]
[White "Fernandes, Antonio"]
[Black "Furman, Boris"]
[Result "1-0"]
[WhiteElo "2419"]
[BlackElo "2225"]
[PlyCount "95"]
[EventDate "2014.??.??"]

1. d4 Nf6 2. Bg5 c5 3. Bxf6 gxf6 4. d5 Qb6 5. Qc1 f5 6. c3 Bg7 7. g3 d6 8. Bg2
Nd7 9. Nd2 Nf6 10. Nh3 O-O 11. O-O Bd7 12. Qc2 Kh8 13. Rad1 Bh6 14. Rfe1 Rg8
15. e3 Qc7 16. f4 c4 17. Nf2 Qc5 18. Nf1 e6 19. dxe6 fxe6 20. Qd2 d5 21. b4
cxb3 22. axb3 Rac8 23. c4 dxc4 24. bxc4 Bc6 25. Bxc6 Rxc6 26. Nd3 Qe7 27. Ne5
Ra6 28. Qc2 Bf8 29. Rd3 Qb4 30. Nd2 Bc5 31. Rb1 Qa4 32. Nb3 Bf8 33. Qg2 Ne4 34.
Rd7 Rg7 35. Rd8 Kg8 36. Qb2 Qa2 37. Qxa2 Rxa2 38. Rb8 Nf2 39. Nd4 Nh3+ 40. Kh1
Nf2+ 41. Kg1 Nh3+ 42. Kf1 Rxh2 43. Nxe6 h6 44. Nxg7 Rh1+ 45. Kg2 Rxb1 46. Ne6
Ng1 47. Rxf8+ Kh7 48. Rf7+ 1-0

[Event "ESCC 2014 - 50+ Rapid"]
[Site "Porto POR"]
[Date "2014.03.19"]
[Round "3.4"]
[White "Strutinskaia, Galina"]
[Black "Bogumil, Tatiana"]
[Result "0-1"]
[WhiteElo "2338"]
[BlackElo "2162"]
[PlyCount "68"]
[EventDate "2014.??.??"]

1. d4 Nf6 2. c4 e6 3. Nc3 Bb4 4. f3 d5 5. a3 Bxc3+ 6. bxc3 O-O 7. cxd5 exd5 8.
e3 Bf5 9. Ne2 Nbd7 10. g4 Bg6 11. Nf4 Nxg4 12. fxg4 Qh4+ 13. Kd2 Be4 14. Bg2
Nf6 15. Bxe4 Nxe4+ 16. Kc2 g5 17. Nd3 c5 18. dxc5 Rac8 19. Qf3 f5 20. gxf5 b6
21. Bd2 bxc5 22. Be1 Qh6 23. h4 Qa6 24. a4 Rb8 25. Bg3 Rb3 26. Be5 Qc4 27. Nb2
Rxc3+ 28. Kd1 Qb3+ 29. Ke1 Rxe3+ 30. Qe2 Rxe2+ 31. Kxe2 Qc2+ 32. Kf3 Qf2+ 33.
Kg4 Qxf5+ 34. Kh5 g4+ 0-1

[Event "ESCC 2014 - 50+ Rapid"]
[Site "Porto POR"]
[Date "2014.03.19"]
[Round "3.5"]
[White "Silva, Rui Almeida"]
[Black "Maryasin, Boris"]
[Result "0-1"]
[WhiteElo "1804"]
[BlackElo "2305"]
[PlyCount "30"]
[EventDate "2014.??.??"]

1. e4 c5 2. Nf3 Nc6 3. d4 cxd4 4. Nxd4 Qb6 5. Nxc6 bxc6 6. Nc3 e5 7. Bd3 Nf6 8.
Bg5 Qxb2 9. Bxf6 Qxc3+ 10. Ke2 gxf6 11. f3 Rg8 12. g3 Bc5 13. Rb1 Qd4 14. Qf1
d6 15. h3 Rxg3 0-1

[Event "ESCC 2014 - 50+ Rapid"]
[Site "Porto POR"]
[Date "2014.03.19"]
[Round "3.6"]
[White "Gurieli, Nino"]
[Black "Baliuniene, Margarita"]
[Result "1-0"]
[WhiteElo "2298"]
[BlackElo "1870"]
[PlyCount "95"]
[EventDate "2014.??.??"]

1. e4 c5 2. Nf3 d6 3. c3 Nf6 4. d3 Nc6 5. g3 g6 6. Bg2 Bg7 7. O-O O-O 8. Nbd2
Bd7 9. Nc4 b5 10. Ne3 Rc8 11. Nh4 b4 12. Bd2 a5 13. f4 e6 14. Nc4 d5 15. Nd6
Rb8 16. cxb4 Nxb4 17. Be3 d4 18. Bf2 Bc6 19. Nc4 Bb5 20. a3 Nc6 21. Qd2 Ng4 22.
e5 Ne7 23. Be1 Bxc4 24. dxc4 Ne3 25. Rf3 Nxc4 26. Qc2 Nxb2 27. Qxc5 d3 28. Bxa5
Qd5 29. Qxd5 Nxd5 30. Rf2 Ne3 31. Bb4 Nbd1 32. Rd2 Rfd8 33. Bf3 Rxb4 34. axb4
Nc3 35. Rc1 Nc4 36. Rf2 Nxe5 37. fxe5 Bxe5 38. Rd2 Nb5 39. Rcd1 Bd4+ 40. Kf1
Nc3 41. Rxd3 Nxd1 42. Rxd1 e5 43. Be2 Rc8 44. Nf3 Bb2 45. Rb1 Bc3 46. Rc1 e4
47. Nd2 f5 48. Nb1 1-0

[Event "ESCC 2014 - 50+ Rapid"]
[Site "Porto POR"]
[Date "2014.03.19"]
[Round "3.7"]
[White "Mednikova, Svetlana"]
[Black "Morais, Vitor"]
[Result "1-0"]
[WhiteElo "2094"]
[BlackElo "2081"]
[PlyCount "59"]
[EventDate "2014.??.??"]

1. e4 d5 2. exd5 Qxd5 3. Nc3 Qd6 4. d4 Nf6 5. g3 Bg4 6. Nf3 a6 7. Bg2 Nc6 8.
Bf4 Qd7 9. h3 Bxf3 10. Bxf3 e6 11. d5 Nb4 12. dxe6 Qxe6+ 13. Kf1 Rd8 14. Qc1 c6
15. Kg2 Be7 16. a3 Nbd5 17. Nxd5 Nxd5 18. Re1 Qf5 19. Bd2 O-O 20. c4 Bf6 21.
cxd5 Rxd5 22. Bc3 Rd3 23. Re3 Bg5 24. Be4 Rxe3 25. Bxf5 Rxg3+ 26. fxg3 Bxc1 27.
Rxc1 Re8 28. Re1 Rd8 29. Re7 b5 30. Rc7 1-0

[Event "ESCC 2014 - 50+ Rapid"]
[Site "Porto POR"]
[Date "2014.03.19"]
[Round "3.8"]
[White "Bebchuk, Boris"]
[Black "Jenssen, Ove S"]
[Result "1-0"]
[WhiteElo "2126"]
[BlackElo "1872"]
[PlyCount "73"]
[EventDate "2014.??.??"]

1. d4 d5 2. c4 c6 3. Nf3 Nf6 4. Nc3 e6 5. e3 Nbd7 6. Bd3 dxc4 7. Bxc4 b5 8. Bd3
b4 9. Na4 Be7 10. Bd2 O-O 11. Rc1 Bb7 12. O-O Rc8 13. Qe2 Qa5 14. b3 Qh5 15.
Ba6 Bxa6 16. Qxa6 Ne4 17. Rxc6 Rxc6 18. Qxc6 Ndf6 19. Rc1 Bd6 20. h3 Nd5 21.
Nc5 Bxc5 22. dxc5 Nec3 23. Qa6 g5 24. a3 g4 25. hxg4 Qxg4 26. axb4 Qxb4 27. Qd3
Qxb3 28. Bxc3 f6 29. Nd2 Qa3 30. Qc2 Qxc5 31. Bd4 Qe7 32. Qc5 Qf7 33. Qxa7 Ne7
34. Rc7 Re8 35. Ne4 Qg6 36. Nxf6+ Kf7 37. Nxe8 1-0

[Event "ESCC 2014 - 50+ Rapid"]
[Site "Porto POR"]
[Date "2014.03.19"]
[Round "4.1"]
[White "Kalegin, Evgenij"]
[Black "Sturua, Zurab"]
[Result "1-0"]
[WhiteElo "2490"]
[BlackElo "2525"]
[PlyCount "98"]
[EventDate "2014.??.??"]

1. e4 e5 2. Nf3 Nc6 3. Bb5 a6 4. Ba4 Nf6 5. O-O Be7 6. d3 b5 7. Bb3 O-O 8. Re1
d6 9. c3 Na5 10. Bc2 c5 11. Nbd2 Nc6 12. a4 Be6 13. h3 Qc7 14. Nf1 h6 15. Qe2
Rfe8 16. Ng3 b4 17. Nh4 Bf8 18. Nhf5 Ne7 19. Qf3 Nxf5 20. Nxf5 Qd8 21. a5 b3
22. Bd1 d5 23. exd5 Bxd5 24. Qg3 Kh7 25. Rxe5 Rxe5 26. Qxe5 g6 27. Ng3 Bg7 28.
Qf4 Be6 29. Bf3 Rb8 30. Be3 Rb5 31. Qa4 Nd7 32. Be2 Qb8 33. Ne4 Bf5 34. Nd2 Ne5
35. Bf4 Qe8 36. d4 Nd3 37. Bxd3 Bxd3 38. c4 Rb8 39. Bxb8 Qxb8 40. Qxb3 Qxb3 41.
Nxb3 cxd4 42. Nxd4 Bxc4 43. Rd1 Bf6 44. b3 Bd5 45. b4 Bc4 46. b5 axb5 47. a6 b4
48. a7 Bd5 49. Nb5 Bc6 1-0

[Event "ESCC 2014 - 50+ Rapid"]
[Site "Porto POR"]
[Date "2014.03.19"]
[Round "4.2"]
[White "Arkell, Keith C"]
[Black "Kasoshvili, Tsiala"]
[Result "1-0"]
[WhiteElo "2404"]
[BlackElo "2112"]
[PlyCount "77"]
[EventDate "2014.??.??"]

1. d4 g6 2. Nf3 Bg7 3. c4 d6 4. g3 Nd7 5. Bg2 c6 6. Nc3 Ngf6 7. O-O O-O 8. Qc2
Qc7 9. b3 Re8 10. Ba3 e5 11. e3 Nf8 12. Rac1 exd4 13. Nxd4 Ne6 14. Nxe6 Bxe6
15. Rfd1 Rad8 16. h3 h6 17. Bb2 Bf5 18. Qd2 Ne4 19. Nxe4 Bxe4 20. Bxg7 Bxg2 21.
Bf6 Bxh3 22. Bxd8 Rxd8 23. e4 Kh7 24. Qf4 Qe7 25. Rd3 g5 26. Qe3 Qe5 27. Rcd1
Bg4 28. R1d2 h5 29. Qd4 Qe6 30. f3 Bh3 31. Kh2 Rd7 32. f4 Qg4 33. Qf2 Re7 34.
fxg5 Rxe4 35. Rxd6 f5 36. Rd7+ Kg8 37. Rxb7 Qxg5 38. Kxh3 h4 39. gxh4 1-0

[Event "ESCC 2014 - 50+ Rapid"]
[Site "Porto POR"]
[Date "2014.03.19"]
[Round "4.3"]
[White "Bogumil, Tatiana"]
[Black "Fernandes, Antonio"]
[Result "0-1"]
[WhiteElo "2162"]
[BlackElo "2419"]
[PlyCount "62"]
[EventDate "2014.??.??"]

1. Nf3 Nf6 2. c4 g6 3. b3 Bg7 4. Bb2 O-O 5. d4 c5 6. e3 d5 7. Nc3 Qa5 8. Qd2
cxd4 9. exd4 Nc6 10. a3 dxc4 11. Bxc4 Bg4 12. Qf4 Bxf3 13. gxf3 Rad8 14. b4
Nxb4 15. O-O Nc2 16. Qe5 b5 17. Rac1 Nxd4 18. Kg2 Nd5 19. Qxg7+ Kxg7 20. Nxd5
Qd2 21. Bxd4+ Qxd4 22. Rfd1 Qxd1 23. Rxd1 bxc4 24. Kf1 e6 25. Ne3 Rxd1+ 26.
Nxd1 Rd8 27. Ne3 c3 28. Ke1 e5 29. Nc2 Rd2 30. Nb4 a5 31. Nc6 Rd5 0-1

[Event "ESCC 2014 - 50+ Rapid"]
[Site "Porto POR"]
[Date "2014.03.19"]
[Round "4.4"]
[White "Maryasin, Boris"]
[Black "Mednikova, Svetlana"]
[Result "1-0"]
[WhiteElo "2305"]
[BlackElo "2094"]
[PlyCount "105"]
[EventDate "2014.??.??"]

1. e4 e5 2. Nf3 Nc6 3. Bc4 Bc5 4. O-O Nf6 5. d3 O-O 6. Bg5 h6 7. Bh4 a6 8. c3
Be7 9. Bb3 d6 10. Nbd2 Be6 11. d4 Bxb3 12. Qxb3 exd4 13. cxd4 Rb8 14. Rfe1 g5
15. Bg3 Nh5 16. d5 Nxg3 17. hxg3 Ne5 18. Nxe5 dxe5 19. Nc4 Bf6 20. Ne3 Kh7 21.
Rac1 Qd7 22. Nf5 Rfc8 23. g4 c5 24. d6 b5 25. Qd5 c4 26. Rc3 Qe6 27. Rh3 Bg7
28. Qd2 f6 29. Qe3 Qf7 30. Rd1 Rd8 31. Qa3 Ra8 32. Qa5 Rd7 33. Qb6 Rb7 34. Qc6
Qd7 35. Qd5 Qf7 36. Qd2 Rd7 37. g3 Bf8 38. Kg2 Rad8 39. Rdh1 Rxd6 40. Nxd6 Qe6
41. Qe2 Rxd6 42. Rd1 Rd4 43. Rhh1 Qc6 44. Rhe1 Bc5 45. Qf3 Qd6 46. Rxd4 Bxd4
47. Qf5+ Kg7 48. Re2 b4 49. Qc8 c3 50. bxc3 bxc3 51. Re1 Qc5 52. Qd7+ Kg6 53.
Rb1 1-0